Abc groupe ou chanteur français - Statistiques

Statistiques générales
  • Ce quiz a été pris 50 fois
  • Le résultat moyen est 3 sur 24
Statistiques - réponses
Hint Réponse % Correct
I INDOCHINE
59%
Z ZAZ
44%
A AMEL BENT
22%
M MICHEL SARDOU
20%
R RENAUD
15%
C CELINE DION
12%
D DANIEL BALAVOINE
12%
K KEEN'V
12%
S SOPRANO
12%
G GREGOIRE
10%
E EDITH PIAF
7%
P PASCAL OBISPO
7%
B BLACK M
5%
H HATIK
5%
T TRYO
5%
J JEREMY FRERO
2%
L LUIS FONSI
2%
N NAPS
2%
O OLIVIER VILLA
2%
F FATAL BAZOOKA
0%
U UZI
0%
V VALD
0%
W WILLY WILLIAMS
0%
Y YANNS
0%
Aucun quiz correspondant
Distribution des résultats
% des personnes avec chaque résultat
Percentile par nombre de réponses
Votre historique - résultats
Vous n’avez pas pris ce quiz